SUPREME COURT REPORTS, 1958 (Record no. 1176591)

MARC details
000 -LEADER
fixed length control field 00588nam a2200229Ia 4500
003 - CONTROL NUMBER IDENTIFIER
control field OSt
005 - DATE AND TIME OF LATEST TRANSACTION
control field 20221007101648.0
008 - FIXED-LENGTH DATA ELEMENTS--GENERAL INFORMATION
fixed length control field 221006b |||||||| |||| 00| 0 eng d
037 ## - SOURCE OF ACQUISITION
Terms of availability Textual
040 ## - CATALOGING SOURCE
Original cataloging agency LCO
Transcribing agency LCO
Language of cataloging eng
041 ## - LANGUAGE CODE
Source of code eng
Language code of text/sound track or separate title eng
245 #0 - TITLE STATEMENT
Title SUPREME COURT REPORTS, 1958
260 ## - PUBLICATION, DISTRIBUTION, ETC.
Place of publication, distribution, etc. Delhi
Name of publisher, distributor, etc. Supreme Court of India Client
Date of publication, distribution, etc. 1958
300 ## - PHYSICAL DESCRIPTION
Extent 1534
650 ## - SUBJECT ADDED ENTRY--TOPICAL TERM
Topical term or geographic name entry element SUPREME COURT REPORTS
9 (RLIN) 703371
942 ## - ADDED ENTRY ELEMENTS (KOHA)
Classification part Zm2,N58, J8
Koha item type Textual
Holdings
Withdrawn status Lost status Damaged status Not for loan Home library Current library Date acquired Total Checkouts Full call number Barcode Date last seen Price effective from Koha item type
        Law Centre-I Library Law Centre-I Library 2022-10-07   Zm2,N58 J8 LO0331376 2022-10-07 2022-10-07 Textual
Copyright @ Delhi University Library System